[Event "Prague Open 2022 - B FIDE Open"]
[Site "Olympik hotel, Prague"]
[Date "2022.01.12"]
[Round "7"]
[Board "8"]
[White "Konvalinka, Vladislav"]
[Black "Kroulik, Vaclav"]
[Result "0-1"]
[WhiteElo "1796"]
[BlackElo "1473"]
[PlyCount "70"]
[EventDate "2022.01.07"]
[EventRounds "9"]
[EventCountry "CZE"]

1. d4 Nf6 2. c4 c5 3. d5 e6 4. Nc3 exd5 5. cxd5 d6 6. Nf3 g6 7. g3 Bg7 8. Bg2
a6 9. a4 Nbd7 10. O-O O-O 11. Bf4 Qc7 12. Nd2 Ng4 13. Nde4 Nge5 14. Qd2 Re8 15.
h3 Rb8 16. b3 b5 17. Rac1 b4 18. Nd1 Nb6 19. Ne3 a5 20. Qd1 Ba6 21. Nd2 Qd7 22.
Bxe5 Bxe5 23. Ndc4 Nxc4 24. Nxc4 Bc3 25. Qd3 Qe7 26. e3 Qg5 27. Rfd1 Re7 28.
Bf1 Rbe8 29. Qc2 Bxc4 30. Bxc4 Rxe3 31. Rd3 Re2 32. Re3 R8xe3 33. Bxe2 Rxe2 34.
Qxe2 Qxc1+ 35. Kg2 Qb2  0-1

[Event "Prague Open 2022 - B FIDE Open"]
[Site "Olympik hotel, Prague"]
[Date "2022.01.12"]
[Round "7"]
[Board "10"]
[White "Hountondji, William"]
[Black "Karlsson, Peter 1965"]
[Result "1/2-1/2"]
[WhiteElo "1533"]
[BlackElo "1726"]
[PlyCount "80"]
[EventDate "2022.01.07"]
[EventRounds "9"]
[EventCountry "CZE"]

1. e4 d5 2. exd5 Nf6 3. Nf3 Nxd5 4. d4 c6 5. c4 Nb6 6. Nc3 Bg4 7. Be3 g6 8. h3
Bxf3 9. Qxf3 Bg7 10. Rd1 O-O 11. Be2 e6 12. O-O N8d7 13. Rd2 Qc7 14. Bf4 e5 15.
dxe5 Bxe5 16. Bxe5 Qxe5 17. Rfd1 Nf6 18. Bd3 Qg5 19. g3 Nbd7 20. Ne4 Nxe4 21.
Bxe4 Ne5 22. Qc3 Qe7 23. Bg2 f6 24. Re2 Rad8 25. Rxd8 Rxd8 26. Kh2 Qc5 27. b3
Qd6 28. Qe3 a6 29. f4 Nf7 30. h4 Nh6 31. Bh3 f5 32. Qc3 Kf7 33. Qe3 Qd7 34. Qe5
b6 35. Kg2 c5 36. Kh2 Re8 37. Qxe8+ Qxe8 38. Rxe8 Kxe8 39. Kg2 Ke7 40. Kf2 Kd6
 1/2-1/2

[Event "Prague Open 2022 - B FIDE Open"]
[Site "Olympik hotel, Prague"]
[Date "2022.01.13"]
[Round "8"]
[Board "1"]
[White "Janousek, Roman"]
[Black "Svetly, Jiri"]
[Result "1-0"]
[WhiteElo "1817"]
[BlackElo "1800"]
[PlyCount "81"]
[EventDate "2022.01.07"]
[EventRounds "9"]
[EventCountry "CZE"]

1. d4 d5 2. c4 dxc4 3. e4 Nf6 4. e5 Nd5 5. Bxc4 Bf5 6. Nc3 e6 7. Nge2 Nb4 8.
Bb3 Nd3+ 9. Kf1 Nxc1 10. Rxc1 c6 11. Ng3 Bg6 12. h4 h5 13. Qd2 Be7 14. Qf4 Na6
15. Bc2 Bxc2 16. Rxc2 Nb4 17. Rd2 Nd5 18. Qe4 Qa5 19. Nge2 b5 20. Rd1 b4 21.
Nxd5 cxd5 22. Qb1 Rc8 23. g3 Qb5 24. f4 Kd7 25. Kf2 f6 26. b3 fxe5 27. fxe5
Rhf8+ 28. Ke3 g5 29. Rdf1 Qa6 30. Rxf8 Rxf8 31. hxg5 Bxg5+ 32. Nf4 Rf5 33. Qc2
Qb6 34. Rc1 Rxe5+ 35. Kf3 Rf5 36. Qc8+ Ke7 37. Rc7+ Qxc7 38. Qxc7+ Kf6 39. Qd7
Bxf4 40. gxf4 a5 41. Qd8+  1-0

[Event "Prague Open 2022 - B FIDE Open"]
[Site "Olympik hotel, Prague"]
[Date "2022.01.13"]
[Round "8"]
[Board "3"]
[White "Oniani, Tamar"]
[Black "Kusak, Lubomir"]
[Result "1/2-1/2"]
[WhiteElo "1618"]
[BlackElo "1748"]
[PlyCount "65"]
[EventDate "2022.01.07"]
[EventRounds "9"]
[EventCountry "CZE"]

1. d4 d6 2. c4 Nf6 3. Nc3 c6 4. e4 Nbd7 5. Be3 e5 6. d5 Be7 7. Bd3 O-O 8. h3 a5
9. Nge2 Ne8 10. O-O Bg5 11. f4 exf4 12. Nxf4 Ne5 13. Bd4 a4 14. Nce2 Nf6 15.
Rc1 Re8 16. Ng3 Ng6 17. Nxg6 Bxc1 18. Qxc1 fxg6 19. c5 cxd5 20. cxd6 dxe4 21.
Bxf6 Qb6+ 22. Kh1 exd3 23. Be7 Qc6 24. Qf4 Be6 25. Qe3 Bxh3 26. Ne4 Bf5 27.
Rxf5 gxf5 28. Nf6+ gxf6 29. Qe6+ Kg7 30. Qxf6+ Kg8 31. Qe6+ Kg7 32. Qf6+ Kg8
33. Qe6+  1/2-1/2

[Event "Prague Open 2022 - B FIDE Open"]
[Site "Olympik hotel, Prague"]
[Date "2022.01.13"]
[Round "8"]
[Board "4"]
[White "Barbier, Astrid"]
[Black "Spreer, Lutz"]
[Result "1-0"]
[WhiteElo "1910"]
[BlackElo "1600"]
[PlyCount "95"]
[EventDate "2022.01.07"]
[EventRounds "9"]
[EventCountry "CZE"]

1. e4 d5 2. exd5 Nf6 3. Nf3 Nxd5 4. d4 g6 5. c4 Nb6 6. Nc3 Bg7 7. c5 N6d7 8.
Bc4 O-O 9. O-O Nc6 10. Be3 e5 11. Bg5 Bf6 12. Bxf6 Qxf6 13. Nd5 Qd8 14. Re1 Na5
15. Bf1 Nc6 16. b4 exd4 17. Nxd4 Nde5 18. Nb5 a6 19. Nbxc7 Rb8 20. b5 axb5 21.
Nxb5 Bg4 22. Be2 Bf5 23. Nd6 Be6 24. a4 Bxd5 25. Qxd5 Qg5 26. g3 Qf6 27. Rad1
Ra8 28. f4 Nd7 29. Bb5 Ne7 30. Qxb7 Rfd8 31. Ne4 Qf5 32. Bxd7 Rxd7 33. Qxd7 Kf8
34. Qxf5 Nxf5 35. Nd6 Ne7 36. Rd4 Nc6 37. Rde4 Ra5 38. Rc1 f5 39. Re8+ Kg7 40.
Rb1 Kh6 41. Nf7+ Kh5 42. Rh8 Rxc5 43. Rxh7+ Kg4 44. Ne5+ Nxe5 45. fxe5 Rxe5 46.
Kf2 Rc5 47. Rb2 g5 48. h3#  1-0

[Event "Prague Open 2022 - B FIDE Open"]
[Site "Olympik hotel, Prague"]
[Date "2022.01.13"]
[Round "8"]
[Board "5"]
[White "Tomasek, Ladislav"]
[Black "Jaeger, Andre"]
[Result "1-0"]
[WhiteElo "1800"]
[BlackElo "1889"]
[PlyCount "65"]
[EventDate "2022.01.07"]
[EventRounds "9"]
[EventCountry "CZE"]

1. e4 c5 2. Nf3 Nc6 3. d4 cxd4 4. Nxd4 Nf6 5. Nc3 e5 6. Ndb5 d6 7. Bg5 a6 8.
Na3 b5 9. Nd5 Be7 10. Bxf6 Bxf6 11. c3 Bg5 12. Bd3 Ne7 13. Nxe7 Qxe7 14. Nc2
Bb7 15. O-O O-O 16. Qe2 f5 17. f3 g6 18. a4 d5 19. axb5 Qc5+ 20. Kh1 fxe4 21.
fxe4 dxe4 22. Bxe4 Bxe4 23. Qxe4 Qxb5 24. Rfb1 Rae8 25. Nb4 a5 26. Nd3 Rf5 27.
g4 Rf7 28. Rf1 Ref8 29. Kg2 Bf4 30. c4 Qb3 31. Rf2 Rd7 32. Nc5 Rd4 33. Qxd4  1-0

[Event "Prague Open 2022 - B FIDE Open"]
[Site "Olympik hotel, Prague"]
[Date "2022.01.13"]
[Round "8"]
[Board "6"]
[White "Kroulik, Vaclav"]
[Black "Sosovickova, Martina"]
[Result "1/2-1/2"]
[WhiteElo "1473"]
[BlackElo "1702"]
[PlyCount "67"]
[EventDate "2022.01.07"]
[EventRounds "9"]
[EventCountry "CZE"]

1. e4 e5 2. Nf3 Nc6 3. d4 exd4 4. Nxd4 Nf6 5. Nc3 Bb4 6. Nxc6 bxc6 7. Bd3 d5 8.
exd5 cxd5 9. O-O O-O 10. Bg5 c6 11. Qf3 Bd6 12. h3 h6 13. Bd2 Rb8 14. b3 Be6
15. Ne2 c5 16. Nf4 Bc8 17. Nh5 Nxh5 18. Qxh5 Re8 19. Rfe1 Re6 20. Rxe6 Bxe6 21.
Re1 Qf6 22. g3 d4 23. Kg2 Bd7 24. Be4 Re8 25. Qf3 Qxf3+ 26. Kxf3 f5 27. Bd5+
Kf8 28. Rxe8+ Kxe8 29. c3 Be5 30. cxd4 Bxd4 31. Ke2 Bb5+ 32. Bc4 Bxc4+ 33. bxc4
Kd7 34. Be3  1/2-1/2

[Event "Prague Open 2022 - B FIDE Open"]
[Site "Olympik hotel, Prague"]
[Date "2022.01.13"]
[Round "8"]
[Board "7"]
[White "Kalvach, Ladislav"]
[Black "Mazatis, Benjamin"]
[Result "1-0"]
[WhiteElo "1762"]
[BlackElo "1546"]
[PlyCount "111"]
[EventDate "2022.01.07"]
[EventRounds "9"]
[EventCountry "CZE"]

1. Nf3 d5 2. d4 Nf6 3. Bf4 c5 4. e3 Nc6 5. h3 Bf5 6. dxc5 e6 7. c3 Bxc5 8. Nbd2
O-O 9. Nb3 Bd6 10. Bxd6 Qxd6 11. Nbd4 Be4 12. Bd3 e5 13. Nxc6 bxc6 14. Bxe4
Nxe4 15. Nd2 Nc5 16. O-O f5 17. f4 e4 18. Nc4 Qb8 19. Ne5 Qxb2 20. Nxc6 Nd3 21.
Ne7+ Kh8 22. Nxd5 Rad8 23. c4 Rc8 24. Qb3 Rb8 25. Qa4 Qe2 26. Qd1 Qxd1 27.
Rfxd1 Rb2 28. Rdb1 g6 29. Rxb2 Nxb2 30. Rc1 Rc8 31. g4 Rc5 32. gxf5 gxf5 33.
Rc2 Nxc4 34. Ne7 Kg7 35. Nxf5+ Rxf5 36. Rxc4 Ra5 37. a4 Kf6 38. Rxe4 Ra6 39.
Kf2 Kf7 40. Rd4 Ke7 41. Rb4 Kf7 42. f5 Kf6 43. Rf4 h5 44. Kf3 Ra5 45. e4 Rc5
46. Kg3 Rc8 47. Rf2 Re8 48. Kf4 Re5 49. Rc2 Ra5 50. Rc4 a6 51. e5+ Kf7 52. Ke4
h4 53. Rc7+ Kf8 54. f6 Rxa4+ 55. Kf5 Ra1 56. Ke6  1-0

[Event "Prague Open 2022 - B FIDE Open"]
[Site "Olympik hotel, Prague"]
[Date "2022.01.13"]
[Round "8"]
[Board "8"]
[White "Karlsson, Peter 1965"]
[Black "Schoeppe, Christian"]
[Result "1/2-1/2"]
[WhiteElo "1726"]
[BlackElo "1439"]
[PlyCount "76"]
[EventDate "2022.01.07"]
[EventRounds "9"]
[EventCountry "CZE"]

1. e4 e5 2. Nc3 Bc5 3. Bc4 Nf6 4. d3 c6 5. h3 a6 6. Nge2 O-O 7. O-O h6 8. Kh1
d5 9. exd5 cxd5 10. Bb3 Nc6 11. a3 Be6 12. Ng3 Qd7 13. Kh2 Bd6 14. Nce2 Ne7 15.
f4 Rac8 16. fxe5 Bxe5 17. d4 Bb8 18. Bf4 Bxf4 19. Nxf4 Rc6 20. c3 b5 21. Qf3
Nh7 22. Bc2 f5 23. Rae1 Ng5 24. Qe3 Ne4 25. Nxe6 Rxe6 26. Nxe4 fxe4 27. Rxf8+
Kxf8 28. Rf1+ Kg8 29. Bd1 Rg6 30. Bg4 Qd6+ 31. Kg1 Rf6 32. Rxf6 Qxf6 33. Qg3
Ng6 34. Qb8+ Kh7 35. Qc8 Qf4 36. Be6 Qc1+ 37. Kh2 Qf4+ 38. Kg1 Qc1+  1/2-1/2

[Event "Prague Open 2022 - B FIDE Open"]
[Site "Olympik hotel, Prague"]
[Date "2022.01.13"]
[Round "8"]
[Board "9"]
[White "Akerman, Jan"]
[Black "Svacina, Tobias"]
[Result "0-1"]
[WhiteElo "1527"]
[BlackElo "1695"]
[PlyCount "20"]
[EventDate "2022.01.07"]
[EventRounds "9"]
[EventCountry "CZE"]

1. e4 e5 2. Nf3 Nc6 3. Bc4 Nf6 4. Ng5 d5 5. exd5 Na5 6. Bb5+ c6 7. dxc6 bxc6 8.
Qf3 Be7 9. h3 O-O 10. O-O Nd5  0-1

[Event "Prague Open 2022 - B FIDE Open"]
[Site "Olympik hotel, Prague"]
[Date "2022.01.13"]
[Round "8"]
[Board "10"]
[White "Sedlacek, Pavel"]
[Black "Mrazek, Adam"]
[Result "0-1"]
[WhiteElo "1564"]
[BlackElo "1384"]
[PlyCount "68"]
[EventDate "2022.01.07"]
[EventRounds "9"]
[EventCountry "CZE"]

1. e4 c5 2. Nf3 Nc6 3. d4 cxd4 4. Nxd4 g6 5. Nc3 Bg7 6. Be3 Nf6 7. Bc4 Qa5 8.
Nb3 Qb4 9. Qe2 Nxe4 10. O-O Nxc3 11. bxc3 Qxc3 12. Bc5 O-O 13. Rae1 d6 14. Be3
Bf5 15. Rc1 Rac8 16. Rfd1 Rc7 17. Bb5 Rfc8 18. Bd3 Bxd3 19. Rxd3 Qb2 20. Bg5
Nd4 21. Nxd4 Bxd4 22. Qg4 Bf6 23. Rb3 Qxa2 24. Bh6 Qxb3 25. h4 Qe6 26. Qa4 Bg7
27. Bg5 Rc4 28. Qa5 h6 29. Be3 Rxc2 30. Rxc2 Rxc2 31. Qd8+ Kh7 32. Qa5 Ra2 33.
Qb5 Ra1+ 34. Kh2 Qe5+  0-1

[Event "Prague Open 2022 - B FIDE Open"]
[Site "Olympik hotel, Prague"]
[Date "2022.01.14"]
[Round "9"]
[Board "1"]
[White "Janousek, Roman"]
[Black "Barbier, Astrid"]
[Result "0-1"]
[WhiteElo "1817"]
[BlackElo "1910"]
[PlyCount "54"]
[EventDate "2022.01.07"]
[EventRounds "9"]
[EventCountry "CZE"]

1. d4 f5 2. Nf3 e6 3. g3 Nf6 4. Bg2 Be7 5. O-O O-O 6. c4 d6 7. Nc3 Ne4 8. Qc2
Nxc3 9. bxc3 Nc6 10. e4 e5 11. Ba3 f4 12. Rad1 Qe8 13. c5 Kh8 14. dxe5 dxe5 15.
Nd2 Qh5 16. f3 fxg3 17. hxg3 Rf6 18. Rf2 Rh6 19. Nf1 Be6 20. g4 Qh4 21. Bc1
Bxc5 22. Be3 Bb6 23. Rfd2 Bc4 24. Bf2 Rf8 25. Bxb6 axb6 26. Ne3 Qh2+ 27. Kf2
Rxf3+  0-1

[Event "Prague Open 2022 - B FIDE Open"]
[Site "Olympik hotel, Prague"]
[Date "2022.01.14"]
[Round "9"]
[Board "3"]
[White "Huz, Valerii"]
[Black "Oniani, Tamar"]
[Result "0-1"]
[WhiteElo "1376"]
[BlackElo "1618"]
[PlyCount "64"]
[EventDate "2022.01.07"]
[EventRounds "9"]
[EventCountry "CZE"]

1. e4 e6 2. d4 d5 3. Nc3 Bb4 4. e5 c5 5. a3 Ba5 6. Qg4 Kf8 7. Nge2 h5 8. Qf4
Nc6 9. Bd2 Nge7 10. O-O-O Ng6 11. Qe3 cxd4 12. Nxd4 Ngxe5 13. f4 Ng4 14. Qg1
Nxd4 15. Qxd4 Bb6 16. Qb4+ Qe7 17. Na4 Be3 18. Kb1 Qxb4 19. Bxb4+ Kg8 20. Bd2
Bd7 21. Nc3 Bb6 22. Re1 Nf2 23. Rg1 Ne4 24. Nxe4 Bxg1 25. Be2 Bb6 26. Ng5 f6
27. Nf3 Kf7 28. Bd3 Rhd8 29. Nh4 Bf2 30. Bg6+ Kg8 31. Re2 Bxh4 32. g3 Be8  0-1

[Event "Prague Open 2022 - B FIDE Open"]
[Site "Olympik hotel, Prague"]
[Date "2022.01.14"]
[Round "9"]
[Board "4"]
[White "Sosovickova, Martina"]
[Black "Tomasek, Ladislav"]
[Result "1/2-1/2"]
[WhiteElo "1702"]
[BlackElo "1800"]
[PlyCount "58"]
[EventDate "2022.01.07"]
[EventRounds "9"]
[EventCountry "CZE"]

1. e4 e5 2. Nf3 Nc6 3. Nc3 Nf6 4. d4 d6 5. dxe5 dxe5 6. Qxd8+ Kxd8 7. Bg5 Be6
8. O-O-O+ Bd6 9. Bb5 Kc8 10. Rhe1 Ne7 11. Nd5 Bxd5 12. exd5 Ng6 13. Nh4 a6 14.
Bd3 Nxh4 15. Bxh4 b6 16. Re2 Kb7 17. c4 a5 18. Bf5 Rae8 19. a3 Re7 20. Rde1
Rhe8 21. Bxf6 gxf6 22. Bxh7 Rh8 23. Bf5 Rxh2 24. Bh3 f5 25. f3 f4 26. Rd1 Re8
27. Kd2 f6 28. Re4 Rb8 29. Re2 Bc5  1/2-1/2

[Event "Prague Open 2022 - B FIDE Open"]
[Site "Olympik hotel, Prague"]
[Date "2022.01.14"]
[Round "9"]
[Board "5"]
[White "Kusak, Lubomir"]
[Black "Kalvach, Ladislav"]
[Result "0-1"]
[WhiteElo "1748"]
[BlackElo "1762"]
[PlyCount "76"]
[EventDate "2022.01.07"]
[EventRounds "9"]
[EventCountry "CZE"]

1. c4 e5 2. Nc3 Nf6 3. g3 d5 4. cxd5 Nxd5 5. Bg2 Be6 6. Nf3 Nc6 7. O-O Be7 8.
d4 Nxc3 9. bxc3 e4 10. Nd2 f5 11. e3 O-O 12. a4 Na5 13. Qe2 c5 14. Rd1 Rc8 15.
Ba3 c4 16. Bb2 Nb3 17. Nxb3 cxb3 18. Qb5 Bd5 19. Bf1 a6 20. Qe2 Qa5 21. Rdc1
Bc4 22. Qd1 Qb6 23. Bh3 Rf6 24. Bg2 Bd3 25. Qh5 g6 26. Qd1 Rfc6 27. Qd2 Rc4 28.
Bf1 Bxf1 29. Kxf1 Qa5 30. Qd1 Qb6 31. Kg2 Kg7 32. Qd2 g5 33. Qd1 g4 34. h3
gxh3+ 35. Kxh3 R8c6 36. Kg2 Rh6 37. Qe2 Qe6 38. Rd1 f4  0-1

[Event "Prague Open 2022 - B FIDE Open"]
[Site "Olympik hotel, Prague"]
[Date "2022.01.14"]
[Round "9"]
[Board "6"]
[White "Svacina, Tobias"]
[Black "Kroulik, Vaclav"]
[Result "1-0"]
[WhiteElo "1695"]
[BlackElo "1473"]
[PlyCount "45"]
[EventDate "2022.01.07"]
[EventRounds "9"]
[EventCountry "CZE"]

1. e4 c5 2. Nf3 Nc6 3. d4 cxd4 4. Nxd4 Nf6 5. Nc3 e6 6. Nxc6 bxc6 7. e5 Nd5 8.
Ne4 Qc7 9. f4 Qb6 10. c4 Ne3 11. Qd3 Nxf1 12. Rxf1 Bb4+ 13. Ke2 Ba6 14. Be3 Qc7
15. a3 Be7 16. Rf3 Rd8 17. Rd1 f6 18. Rg3 Kf7 19. Qd4 Qb7 20. Rxg7+ Kxg7 21.
exf6+ Kf7 22. fxe7 Bxc4+ 23. Kf2  1-0

[Event "Prague Open 2022 - B FIDE Open"]
[Site "Olympik hotel, Prague"]
[Date "2022.01.14"]
[Round "9"]
[Board "7"]
[White "Mrazek, Adam"]
[Black "Karlsson, Peter 1965"]
[Result "1/2-1/2"]
[WhiteElo "1384"]
[BlackElo "1726"]
[PlyCount "37"]
[EventDate "2022.01.07"]
[EventRounds "9"]
[EventCountry "CZE"]

1. d4 Nf6 2. c4 c5 3. Nf3 g6 4. Nc3 Bg7 5. e4 cxd4 6. Nxd4 d6 7. g3 O-O 8. Bg2
Qb6 9. Nb3 Nc6 10. Be3 Qd8 11. O-O Bg4 12. f3 Bd7 13. Qe2 Qc8 14. c5 dxc5 15.
Nxc5 e5 16. Nxd7 Qxd7 17. Rfd1 Qe7 18. Rac1 Rfd8 19. Bh3  1/2-1/2

[Event "Prague Open 2022 - B FIDE Open"]
[Site "Olympik hotel, Prague"]
[Date "2022.01.14"]
[Round "9"]
[Board "8"]
[White "Jaeger, Andre"]
[Black "Hountondji, William"]
[Result "0-1"]
[WhiteElo "1889"]
[BlackElo "1533"]
[PlyCount "32"]
[EventDate "2022.01.07"]
[EventRounds "9"]
[EventCountry "CZE"]

1. d4 Nf6 2. c4 g6 3. g3 Bg7 4. Bg2 d5 5. cxd5 Nxd5 6. e4 Nb6 7. Ne2 O-O 8. O-O
Nc6 9. d5 Na5 10. Nbc3 c6 11. b3 cxd5 12. exd5 Bg4 13. f3 Bd7 14. Ba3 Re8 15.
Bb4 Nc8 16. Rc1 Qb6+  0-1

[Event "Prague Open 2022 - B FIDE Open"]
[Site "Olympik hotel, Prague"]
[Date "2022.01.14"]
[Round "9"]
[Board "9"]
[White "Schoeppe, Christian"]
[Black "Mach, Petr"]
[Result "0-1"]
[WhiteElo "1439"]
[BlackElo "1630"]
[PlyCount "44"]
[EventDate "2022.01.07"]
[EventRounds "9"]
[EventCountry "CZE"]

1. e4 e5 2. c3 d5 3. Nf3 dxe4 4. Qa4+ Nd7 5. Qxe4 Ngf6 6. Qe2 Bd6 7. Nxe5 Nxe5
8. d4 O-O 9. dxe5 Bxe5 10. Be3 Re8 11. Nd2 Bg4 12. Qd3 Nd5 13. g3 Nxe3 14. fxe3
Qg5 15. Ne4 Qf5 16. Be2 Bxe2 17. Nf6+ Qxf6 18. Kxe2 Rad8 19. Qc4 Qa6 20. Qxa6
bxa6 21. Rad1 f5 22. Rd3 Rxd3  0-1

[Event "Prague Open 2022 - B FIDE Open"]
[Site "Olympik hotel, Prague"]
[Date "2022.01.14"]
[Round "9"]
[Board "10"]
[White "Spreer, Lutz"]
[Black "Policar, Martin"]
[Result "0-1"]
[WhiteElo "1600"]
[BlackElo "1388"]
[PlyCount "136"]
[EventDate "2022.01.07"]
[EventRounds "9"]
[EventCountry "CZE"]

1. e4 c5 2. Nc3 e6 3. f4 d5 4. Bb5+ Bd7 5. e5 Nc6 6. Nf3 Nge7 7. O-O Nf5 8. d3
Be7 9. Bxc6 Bxc6 10. Kh1 h5 11. Ng5 g6 12. a4 Kf8 13. Qe2 Kg7 14. b3 h4 15. Qg4
Bxg5 16. fxg5 Rh5 17. Ne2 Qh8 18. Nf4 Rh7 19. Kg1 d4 20. h3 Qd8 21. Bd2 Ng3 22.
Rf2 Nh5 23. Raf1 Nxf4 24. Rxf4 Kg8 25. Rf6 Qd5 26. Bf4 a6 27. Rf2 b5 28. a5 Qd8
29. Bd2 b4 30. Rxe6 fxe6 31. Qxe6+ Kh8 32. Qxc6 Qc8 33. Qxg6 Raa7 34. e6 Rae7
35. Qf6+ Rhg7 36. g6 Qxe6 37. Qf8+ Qg8 38. Bg5 Re1+ 39. Kh2 Rxg6 40. Bf6+ Kh7
41. Qxg8+ Kxg8 42. Bxh4 Rge6 43. Rf5 R1e5 44. Rf4 Re2 45. Rg4+ Kf7 46. Rg5 Rxc2
47. Bg3 Rc6 48. Bf4 Rc3 49. Rf5+ Kg6 50. Rg5+ Kf7 51. Be5 Rxd3 52. Rg7+ Ke6 53.
Rg6+ Kd5 54. Rg5 Rxb3 55. Bb8+ Kc4 56. h4 Re3 57. h5 b3 58. Bf4 b2 59. Rg6 Rxg6
60. hxg6 b1=Q 61. Bxe3 dxe3 62. g4 e2 63. g7 Qh7+ 64. Kg3 e1=Q+ 65. Kf4 Qee4+
66. Kg3 Qxg7 67. Kf2 Qf6+ 68. Kg3 Qef3+  0-1